000 00477cam a2200157 4500500
005 20260111093435.0
041 _afre
042 _adc
100 1 0 _aBittinger, Nathalie
_eauthor
700 1 0 _aBenhessa, Ghislain
_eauthor
245 0 0 _aLes nouveaux enfants terribles
260 _c2018.
500 _a71
786 0 _nEsprit | Avril | 4 | 2018-04-18 | p. 67-74 | 0014-0759
856 4 1 _uhttps://shs.cairn.info/revue-esprit-2018-4-page-67?lang=fr&redirect-ssocas=7080
999 _c1626378
_d1626378